Agyptisches Museum : Bonner Sammlung von Aegyptiaca

محفوظ في:

المؤلف الرئيسي: Universität Bonn

مؤلفون آخرون: Silke Grallert, Isabel Stünkel

التنسيق: كتاب

اللغة: Undetermined

منشور في: Bonn Ägyptisches Museum, 2004

سلاسل: Bonner Sammlung von Aegyptiaca

الوسوم: إضافة وسم

لا توجد وسوم, كن أول من يضع وسما على هذه التسجيلة!

رقم الطلب: (P)DT59 .B66 U55

LEADER 00436nam a2200145Ia 4500
008 240503s9999||||xx |||||||||||||| ||und||
050 4 |a (P)DT59 .B66 U55 
100 1 |a Universität Bonn 
245 1 0 |a Agyptisches Museum : Bonner Sammlung von Aegyptiaca  
264 1 |a Bonn  |b Ägyptisches Museum,  |c 2004 
300 |a 60  |c 24 
490 0 |a Bonner Sammlung von Aegyptiaca  
700 1 |a Silke Grallert, Isabel Stünkel 
942 |2 lcc  |c PT 
999 |c 58245  |d 58245